000 00189 a2200097 4500
020 _a9788483430125
041 _aspa
100 _aJess͠ Ballaz
245 _aEl regalo del ro̕
942 _cBK
999 _c28994
_d28992